Kríza v Zálive po iracko-iránskej vojne (1988 – 1990) diplomová práca
Salvato in:
| Autore principale: | |
|---|---|
| Ente Autore: | |
| Altri autori: | |
| Natura: | Libro |
| Lingua: | slovacco |
| Pubblicazione: |
Bratislava
2013
|
| Tags: |
Nessun Tag, puoi essere il primo ad aggiungerne!!
|
MARC
| LEADER | 00000nbm a2200000 4500 | ||
|---|---|---|---|
| 001 | 0170625 | ||
| 005 | 20161109102359.2 | ||
| 041 | 0 | |a slo | |
| 044 | |a SK | ||
| 245 | 1 | 0 | |a Kríza v Zálive po iracko-iránskej vojne (1988 – 1990) |b diplomová práca |c Veronika Vaškebová ; školiteľ: Karol R. Sorby |
| 264 | 1 | |a Bratislava |c 2013 | |
| 300 | |a 69 s. | ||
| 100 | 1 | |a Vaškebová, Veronika | |
| 700 | 1 | |a Sorby, Karol R. | |
| 710 | 2 | |a Fakulta medzinárodných vzťahov EU. Katedra medzinárodných politických vzťahov | |